000 00560nam a2200205Ia 4500
003 OSt
005 20250813110929.0
008 210210b1992 xxu||||| |||| 00| 0 eng d
040 _cAL
041 _aKannada
082 _aT894.8 RAOT
100 _aRAV (P S).
_dರಾವ್ (ಪಿ ಎಸ್)
_9235291
245 _aTulu gadelu.
_bತುಳು ಗಾದೆಲು.
260 _aMangaluru
_bTulu Kala Vranda Prakashana
_c1992
300 _a60
650 _aTulu Gadegalu
_9235292
690 _aTulu Miscellane
_9235293
906 _a052
942 _2ddc
_cBK
999 _c100383
_d100383